000 00616nam a2200241Ia 4500
003 OSt
005 20221005070856.0
006 a|||||r|||| 00| 0
007 ta
008 221004b |||||||| |||| 00| 0 eng d
024 _a64941
037 _cTextual
040 _aCRL
_cCRL
_beng
041 _2eng
_aeng
082 _aV44Q7:192.N, M4
100 _aSareen Rajendra
245 0 _aPakistan - The India factor
260 _aNew Delhi
_bAllied
_c1984
300 _a615p.
_ccm.
650 _aHISTORY
942 _hV44Q7:192.N, M4
_cTEXL
_2cc
999 _c976906
_d976906